00770nam a2200217Ia 4500003000400000005001700004008004100021040001800062041000800080082002100088245008300109250001200192260004900204300002500253650004900278650003500327650003200362942003000394999001900424952010900443OSt20260102114310.0210716s1994 xx 000 0 und d cAIMIT LIBRARY aeng a006.37 21bVISB aVisual basic for windows : badvanced studies in software exports technology / a1st ed. aBombay :bAptech Computer Education ,c1994. a355p. ;bPBc25.1 cm aVisual basic programming environment9249906 aUsing the grid control9249907 aAccessing databases9249908 2ddccBKe1stk006.37 VISB c187806d187806 001040708MCAaAIMITbAIMITd2021-07-16l0o006.37 VISBpMCA07314r2026-05-23 00:00:00w2021-07-16yBK